000 00508cam a22002052a 4500
001 001273
003 AR-FADEU
008 311216n1968####xxu####################dd
092 _a333.7
_bB756-2
100 _aBoudeville, Jacques R.
245 _aLos espacios económicos
250 _a2a. ed
260 _aBuenos Aires
260 _bEUDEBA
260 _c1968
300 _a110 p
440 _aLos indispensables
_n127
650 _aREGIONES ECONOMICAS; URBANISMO; CUENCAS FLUVIALES
942 _cBDGR
999 _c7112
_d7112